00565nam a2200205 a 4500001001300000003000900013005001700022008004100039020001000080082001800090100001800108245006100126260002500187300000900212500003500221505002700256650002100283650003700304700001800341nice12345678IN_TiNIC20260116013826.0050524s1985 dela grp 000 0 eng  ac30000a294.5923bSHA aShah, Shalini aMaking of Womanhoodb Gender Ralation in the Mahabharata aDelhibManoharc1985 a183p aincludes index and biblioraphy2 aBibliography, Glossary aMahabharat-Women aWomen-India Women in Mahabharata1 aShah, Shalini